000 01329cam a2200301 a 4500
999 _c127021
_d127021
001 16212352
003 ARRUPE
005 20171004092802.0
008 100430s2010 nyu b 001 0 eng
010 _a 2010018161
020 _a9781845456580 (hardback : alk. paper)
035 _a(OCoLC)ocn437298827
040 _aDLC
_cDLC
_dBTCTA
_dYDXCP
_dC#P
_dCDX
_dDLC
043 _af-rh---
050 0 0 _aDT2913.15
_b.Z56 2010
082 0 0 _a325
_222
245 0 0 _aZimbabwe's new diaspora :
_bdisplacement and the cultural politics of survival /
_cedited by JoAnn McGregor and Ranka Primorac.
260 _aNew York :
_bBerghahn Books,
_cc2010.
300 _avi, 286 p. ;
_c24 cm.
490 1 _aStudies in forced migration ;
_vv. 31
504 _aIncludes bibliographical references and index.
650 0 _aZimbabweans
_zForeign countries
_xPolitics and government.
_936680
650 0 _aForced migration
_zZimbabwe.
_936681
700 1 _aMcGregor, JoAnn.
_931029
700 1 _aPrimorac, Ranka.
_936682
830 0 _aStudies in forced migration ;
_vv. 31.
_936683
906 _a7
_bcbc
_corignew
_d1
_eecip
_f20
_gy-gencatlg
942 _2lcc
_cMONOGRAPH